Projektové řízení a síťová analýza

Salvato in:
Dettagli Bibliografici
Natura: Libro
Lingua:ceco
Pubblicazione: Plzeň Dům techn. ČSVTS 1990
Edizione:1. vyd.
Tags: Aggiungi Tag
Nessun Tag, puoi essere il primo ad aggiungerne!!

MARC

LEADER 00000nam a2200000 4500
001 c023021
005 20221215120500.5
041 0 |a cze 
044 |a CZ 
245 1 0 |a Projektové řízení a síťová analýza 
250 |a 1. vyd. 
264 1 |a Plzeň  |b Dům techn. ČSVTS  |c 1990 
300 |a 95 s.